En la encrucijada. América Latina debe elegir entre el populismo y la profundización de las reformas /
Guardado en:
| Hovedforfatter: | |
|---|---|
| Format: | Texto |
| Fag: | |
| Tags: |
Tilføj Tag
Ingen Tags, Vær først til at tagge denne postø!
|
MARC
| LEADER | 00000 a a2200000 04500 | ||
|---|---|---|---|
| 001 | 8089 | ||
| 003 | |||
| 040 | |||
| 100 | |a Fraga, Arminio | ||
| 245 | |a En la encrucijada. América Latina debe elegir entre el populismo y la profundización de las reformas / |c Arminio Fraga | ||
| 650 | |a RECESION ECONOMICA | ||
| 650 | |a REFORMA ECONOMICA | ||
| 650 | |a ELECCIONES | ||
| 650 | |a AMERICA LATINA | ||
| 773 | |g volumen 42, número 4; páginas 14-15 | ||
| 999 | |c 20382 |d 20382 | ||
